000 00595nam a2200229Ia 4500
008 180523s9999 xx 000 0 und d
020 _a0-471-34885-6
050 _aMAIN TX 911.3
050 _b.M3H78 2002
100 _aHsu, Cathy H. C.
245 0 _aMarketing hospitality /
245 0 _cCathy H. C. Hsu, Tom Powers.
250 _a3rd Edition
260 _aNew York :
260 _bJohn Wiley & Sons,
260 _c2002
300 _a360 pages :
300 _billustrations ;
300 _c24 cm.
500 _aIncludes index.
650 _aHospitality industry -- Marketing.
999 _c357791
_d357791